Las OMC y las subvenciones pesqueras (Registro nro. 22826)

Detalles MARC
000 -LEADER
fixed length control field 00361 a2200121 4500
001 - CONTROL NUMBER
control field ART_6721
005 - DATE AND TIME OF LATEST TRANSACTION
control field 20260410161826.0
008 - FIXED-LENGTH DATA ELEMENTS--GENERAL INFORMATION
fixed length control field 260409a
100 1# - MAIN ENTRY--PERSONAL NAME
Personal name Errazti, Elizabeth
245 10 - TITLE STATEMENT
Title Las OMC y las subvenciones pesqueras
700 1# - ADDED ENTRY--PERSONAL NAME
Personal name Gualdoni, Patricia Alejandra
773 0# - HOST ITEM ENTRY
Title FACES
Related parts - Año 14, Nº 30/31 (ene./dic. 2008)
Record control number REV5046

No hay ítems disponibles.